Spellings Of Words That Are Different In British And American English - Statistics

General Stats
  • This quiz has been taken 462 times
  • The average score is 28 of 30
Answer Stats
Hint Enter 'A' if spelling is American and 'B' If it is British % Correct
center A
100%
centre B
100%
fibre B
100%
fiber A
99%
liter A
99%
litre B
99%
colour B
99%
humor A
98%
flavour B
98%
humour B
98%
neighbour B
98%
neighbor A
97%
apologise B
97%
apologize A
96%
analyse B
96%
analyze A
95%
traveled A
94%
travelled B
94%
fueled A
92%
fuelled B
92%
leukaemia B
91%
leukemia A
90%
maneuver A
88%
manoeuvre B
88%
estrogen A
86%
oestrogen B
86%
defense A
84%
defence B
84%
analogue B
82%
analog A
81%
No matching quizzes found
Score Distribution
Percent of People with Each Score
Percentile by Number Answered
Your Score History
You have not taken this quiz